000 00574nam a2200169Ia 4500
008 090201s9999 xx 000 0 und d
010 _aKPL-33906
040 _bमराठी
041 _aमराठी
082 _a45565
_b33906
100 _aगजानन जहागिरदार
245 _aअभिनय कसा करावा
_cगजानन जहागिरदार
260 _c2005
_bइंडिया बुक कंपनी
300 _a187
_bमोठा
600 _aअभिनय कसा करावा
942 _cBOOK
999 _c242476
_d242476